Shah Waliullah and His Times (Record no. 11212)
[ view plain ]
| 000 -LEADER | |
|---|---|
| fixed length control field | 00682nam a2200253 a 4500 |
| 020 ## - INTERNATIONAL STANDARD BOOK NUMBER | |
| ISBN | |
| 082 00 - DEWEY DECIMAL CLASSIFICATION NUMBER | |
| Classification number | 297.8 |
| Author Cutter | RIZ |
| 100 ## - MAIN ENTRY--AUTHOR NAME | |
| Author name | Rizvi, Sajid Athar Abbas |
| 245 ## - TITLE STATEMENT | |
| Title | Shah Waliullah and His Times |
| Sub title | a Study of Eighteenth Century Islam.... |
| 260 ## - PUBLICATION, DISTRIBUTION, ETC. (IMPRINT) | |
| Place of publication | Canberra |
| Name of publisher | Marifat Pub.House |
| Year of publication | 1980 |
| 300 ## - PHYSICAL DESCRIPTION | |
| Number of Pages | 452p |
| 500 ## - GENERAL NOTE | |
| General note | includes index and biblioraphy |
| 505 2# - FORMATTED CONTENTS NOTE | |
| Formatted contents note | Bibliography, Index |
| 650 ## - SUBJECT ADDED ENTRY--TOPICAL TERM | |
| Topical Term | Shah Waliullah |
| 650 ## - SUBJECT ADDED ENTRY--TOPICAL TERM | |
| Topical Term | Islam-Movements |
| 942 ## - ADDED ENTRY ELEMENTS (KOHA) | |
| Koha item type | Books |
| 700 1# - | |
| -- | Rizvi, Sajid Athar Abbas |
| Collection code | Home library | Current library | Date acquired | Cost, normal purchase price | Full call number | Accession Number | Koha item type |
|---|---|---|---|---|---|---|---|
| Henry Martyn Institute Library | Henry Martyn Institute Library | 06/26/2007 | 400.00 | 297.8 RIZ | 018567 | Books |
